• 首页
  • 本馆介绍
  • 公告通知
  • 最新文献
  • 馆藏检索
  • 电子资源
  • 读者导购
  • 参考咨询
  • 我的图书馆
  • 登录
  • 详细信息显示
  • 放入我的书架
  • 预约/预借图书
  • 作者相关作品
  • 分类相关作品
  • 丛书相关作品
  • 出版社相关作品

书目信息

  • 表格格式
  • 工作单格式
  • 卡片格式
题名:
打官司就是打证据
    
 
作者: 陈晓东 著
分册:   医疗纠纷证据指引
出版信息: 北京   中国法制出版社  2018
页数: 250页
开本: 21cm
丛书名:
单 册:
中图分类: D925.113.4 , D922.165
科图分类:
主题词: 医疗事故--yi liao shi gu--医疗纠纷--证据--案例--中国 , 证据--zheng ju--研究--中国
电子资源:
ISBN: 978-7-5093-9304-8
000 01344nam0 2200301 450
001 012001005963
005 20131015083044.0
010    @a978-7-5093-9304-8@dCNY32.00
099    @aCAL 012018067750
100    @a20180502d2018 em y0chiy50 ea
101 0  @achi
102    @aCN@b110000
105    @ay z 000yy
106    @ar
200 1  @a打官司就是打证据@Ada guan si jiu shi da zheng ju@i医疗纠纷证据指引@f陈晓东著
210    @a北京@c中国法制出版社@d2018
215    @a250页@d21cm
314    @a陈晓东,北京市审判业务专家,现任北京市朝阳区人民法院审判委员会委员、执行局局长。参与编著《人民法庭民事审判实务问答》《诉讼调解实例与研究》等。
330    @a本书拟以案例为基础,整书以N个问题的形式呈现,每个问题以一个具体的案例为对象,结合案情给读者讲解类似法律纠纷中的证据规则,点名举证要点,最后从法官的角度做一提醒或建议。另外,除了案例分析及证据指引,书中还会提供必要的专业术语解释、证据类型说明、诉讼流程介绍、法律文书写作指引及纠纷处理依据。
333    @a司法工作者、律师及相关读者。
517 1  @a医疗纠纷证据指引@Ayi liao jiu fen zheng ju zhi yin
606 0  @a医疗事故@Ayi liao shi gu@x医疗纠纷@x证据@x案例@y中国
606 0  @a证据@Azheng ju@x研究@y中国
690    @aD925.113.4@v5
690    @aD922.165@v5
701  0 @a陈晓东@Achen xiao dong@4著
801  2 @aCN@b上海新华@c20191020
905    @b1098241-4@dD925.113.4@e933@f4
    
    打官司就是打证据.医疗纠纷证据指引/陈晓东著.-北京:中国法制出版社,2018
    250页;21cm
    使用对象:司法工作者、律师及相关读者。
    
    ISBN 978-7-5093-9304-8:CNY32.00
    本书拟以案例为基础,整书以N个问题的形式呈现,每个问题以一个具体的案例为对象,结合案情给读者讲解类似法律纠纷中的证据规则,点名举证要点,最后从法官的角度做一提醒或建议。另外,除了案例分析及证据指引,书中还会提供必要的专业术语解释、证据类型说明、诉讼流程介绍、法律文书写作指引及纠纷处理依据。
●
相关链接 在E读中查询图书 在五车中查询图书 在当当中查询图书 在豆瓣中查询图书


正题名:打官司就是打证据     索取号:D925.113.4/933         预约/预借

序号 登录号 条形码 馆藏地/架位号 状态 备注
1 1098241   210982418   第一样本阅览室/ [索取号:D925.113.4/933] 在馆    
2 1098242   210982427   第一借阅区/ [索取号:D925.113.4/933] 在馆    
3 1098243   210982436   第一借阅区/ [索取号:D925.113.4/933] 在馆    
4 1098244   210982445   第一借阅区/ [索取号:D925.113.4/933] 在馆    
唐山师范学院图书馆 欢迎您!
大连网信软件有限公司© 版权所有